Mots mêlés de Pays - #1 - Statistiques

Statistiques générales
  • Ce quiz a été pris 35 291 fois
  • Le résultat moyen est 6 sur 13
Réponses sur la Carte
Les réponses sont colorées sur une échelle allant du rouge au vert en fonction du pourcentage des utilisateurs qui les ont devinées à leur premier essai. Vous pouvez retrouver ces pourcentages ci-dessous.
 
Statistiques - réponses
Réponse % Correct
Pologne
88%
France
72%
Mongolie
65%
Namibie
61%
Pérou
61%
Norvège
59%
Mexique
48%
Kenya
47%
Chine
41%
Islande
33%
Tonga
32%
Liban
14%
Inde
8%
Aucun quiz correspondant
Distribution des résultats
% des personnes avec chaque résultat
Percentile par nombre de réponses
Votre historique - résultats
Vous n’avez pas pris ce quiz